000 00334cam a22001097a 4500
008 180718b1987 xxu||||| |||| 00| 0 eng d
082 _aT2531 In8p
100 _aProkopenko, Joseph
245 _aProductivity management: a practical handbook
_cby Joseph Prokopenko
260 _aGeneva
_bInternational Labour Office
_c1987
300 _a287p
999 _c497689
_d497689